Colombia caminos del agua / (Registro nro. 71)

Detalles MARC
000 -CABECERA
Campo de control 01237cam a2200301 i 4500
005 - FECHA Y HORA DE LA ULTIMA TRANSACCION
Campo de control 20160217191131.0
008 - ELEMENTOS DE LONGITUD FIJA—INFORMACION GENERAL
Campo de control 950612s1993 ck a r 00010dspa d
015 ## - NATIONAL BIBLIOGRAPHY NUMBER
National bibliography number ck-1993-xxxx
020 ## - ISBN
ISBN 9589550436
040 ## - FUENTE DE CATALOGACIÓN
Agencia catalogadora original la
Agencia transcriptora la
Agencia Modificadora CO-BoIAVH
041 0# - IDIOMA
Código de idioma para texto/pista de sonido o título separado Español
043 ## - GEOGRAPHIC AREA CODE
Geographic area code s-ck---
082 04 - NUMERO DE CLASIFICACION DECIMAL DEWEY
Número de clasificación 551.48
Número del ítem S19c
100 1# - ASIENTO PRINCIPAL--NOMBRE PERSONAL
Nombre personal Samper MartÍnez, Diego,
Fechas asociadas con el nombre 1954-
9 (RLIN) 60905
245 10 - MENCION DE TITULO
Título Colombia caminos del agua /
Mención de responsabilidad Diego Samper Martínez, Edith González Afanador, Gabriel Guillot Monroy ; ilustraciones Andres Anzola, Octavio Bernal ; fotografías Diego Samper Martínez ; Rudolf Schrimpff, Max Carriazo.
260 ## - PUBLICACION, DISTRIBUCION, ETC. (PIE DE IMPRENTA)
Lugar de publicación, distribución, etc. Bogotá :
Nombre del editor, distribuidor, etc. Banco de Occidente,
Fecha de publicación, distribución, etc. 1993.
300 ## - DESCRIPCION FISICA
Extensión 200 páginas :
Otros detalles físicos ilustraciones a color ;
Dimensiones 34 cm.
504 ## - NOTA DE BIBLIOGRAFIA, ETC.
Nota de bibliografía Incluye referencias bibliográficas y glosario.
650 14 - ASIENTO SECUNDARIO DE MATERIA - TERMINO TEMATICO
Término temático o nombre geográfico como elemento de entrada Recursos hídricos
Subdivisión geográfica Colombia.
9 (RLIN) 60906
650 24 - ASIENTO SECUNDARIO DE MATERIA - TERMINO TEMATICO
Término temático o nombre geográfico como elemento de entrada Cuencas hidrográficas
Subdivisión geográfica Colombia.
9 (RLIN) 60907
700 1# - ASIENTO SECUNDARIO - NOMBRE PERSONAL
Nombre personal González Afanador, Edith.
9 (RLIN) 3668
700 1# - ASIENTO SECUNDARIO - NOMBRE PERSONAL
Nombre personal Guillot Monroy, Gabriel.
9 (RLIN) 3669
700 1# - ASIENTO SECUNDARIO - NOMBRE PERSONAL
Nombre personal Anzola, Andres,
Término de relación ilustrador.
9 (RLIN) 60908
700 1# - ASIENTO SECUNDARIO - NOMBRE PERSONAL
Nombre personal Bernal, Octavio,
Término de relación ilustrador.
9 (RLIN) 60909
700 1# - ASIENTO SECUNDARIO - NOMBRE PERSONAL
Nombre personal Schrimpff, Rudolf,
Fechas asociadas con el nombre 1943-2005,
Término de relación ilustrador.
9 (RLIN) 60910
700 1# - ASIENTO SECUNDARIO - NOMBRE PERSONAL
Nombre personal Carrizo, Max,
Término de relación ilustrador.
9 (RLIN) 60911
942 ## - ELEMENTOS ADICIONALES (KOHA)
Sistema de clasificación Dewey Decimal Classification
Tipo de ítem Libro
Existencias
Withdrawn status Lost status Sistema de Clasificación Damaged status No para préstamo Colección Inventariado Ubicación Permanente Ubicación actual Fecha de adquisición Fuente de Valor Valor Total Checkouts Número topográfico Inventario / Código de Barras Date last seen Ejemplar Price effective from Tipo de material Forma de adquisición
    Dewey Decimal Classification     General Inventariado 2017 Bogotá Bogotá 16/12/1997 Instituto 39000.00   LB-551.48 S19c 000080 04/12/2012 Ej. 1 04/12/2012 Libro  
    Dewey Decimal Classification     General Inventariado 2017 Sala Fabio Quevedo Sala Fabio Quevedo 10/12/2002 Instituto 39000.00   LB-551.48 S19c 000081 04/12/2012 Ej. 2 04/12/2012 Libro